000 00282nam a2200109Ia 4500
005 20251222153643.0
008 251222s9999||||xx |||||||||||||| ||spa||
082 _a868.902/B66
100 _a"Boal, Augusto"
245 0 _aTeatro del oprimido y otras poéticas políticas
942 _cLIB
999 _c32821
_d32821